<?xml version="1.0" encoding="UTF-8"?><?xml-stylesheet type="text/xsl" href="static/style.xsl"?><OAI-PMH xmlns="http://www.openarchives.org/OAI/2.0/" xmlns:xsi="http://www.w3.org/2001/XMLSchema-instance" xsi:schemaLocation="http://www.openarchives.org/OAI/2.0/ http://www.openarchives.org/OAI/2.0/OAI-PMH.xsd"><responseDate>2026-04-13T00:07:28Z</responseDate><request verb="GetRecord" identifier="oai:www.recercat.cat:20.500.14342/5841" metadataPrefix="marc">https://recercat.cat/oai/request</request><GetRecord><record><header><identifier>oai:recercat.cat:20.500.14342/5841</identifier><datestamp>2026-01-31T20:15:01Z</datestamp><setSpec>com_2072_482405</setSpec><setSpec>com_2072_183628</setSpec><setSpec>col_2072_482409</setSpec></header><metadata><record xmlns="http://www.loc.gov/MARC21/slim" xmlns:dcterms="http://purl.org/dc/terms/" xmlns:xsi="http://www.w3.org/2001/XMLSchema-instance" xmlns:doc="http://www.lyncode.com/xoai" xsi:schemaLocation="http://www.loc.gov/MARC21/slim http://www.loc.gov/standards/marcxml/schema/MARC21slim.xsd">
   <leader>00925njm 22002777a 4500</leader>
   <datafield ind2=" " ind1=" " tag="042">
      <subfield code="a">dc</subfield>
   </datafield>
   <datafield ind2=" " ind1=" " tag="720">
      <subfield code="a">López Plaza, Pedro Victor</subfield>
      <subfield code="e">author</subfield>
   </datafield>
   <datafield ind2=" " ind1=" " tag="260">
      <subfield code="c">2023-12</subfield>
   </datafield>
   <datafield ind2=" " ind1=" " tag="520">
      <subfield code="a">El avance en el conocimiento del dolor y sus procesos, ligado al avance de las neurociencias, supone un gran reto para los profesionales de la salud. Conocer sus mecanismos no siempre es suficiente, dado que el procesamiento o la manera que la persona convive con su entorno y sus experiencias, le lleva a generar diferentes estratégias. En el deporte, la motivación, la meta o el rendimiento, suponen retos motores y cognitivos que no siempre van ligados a las capacidades de afrontamiento delante del dolor precedido de una lesión. Los modelos de abordaje de la persona con dolor, requieren de un análisis, para entender la complejidad de la persona y el razonamiento clínico dinámico como herramienta de acompañamiento en estos procesos.</subfield>
   </datafield>
   <datafield ind1="8" ind2=" " tag="024">
      <subfield code="a">http://hdl.handle.net/20.500.14342/5841</subfield>
   </datafield>
   <datafield tag="653" ind2=" " ind1=" ">
      <subfield code="a">Dolor</subfield>
   </datafield>
   <datafield tag="653" ind2=" " ind1=" ">
      <subfield code="a">Esports</subfield>
   </datafield>
   <datafield tag="653" ind2=" " ind1=" ">
      <subfield code="a">Model biopsicosocial</subfield>
   </datafield>
   <datafield tag="653" ind2=" " ind1=" ">
      <subfield code="a">Raonament clínic dinàmic</subfield>
   </datafield>
   <datafield ind2="0" ind1="0" tag="245">
      <subfield code="a">Neurociencias, dolor y deporte</subfield>
   </datafield>
</record></metadata></record></GetRecord></OAI-PMH>